[Event "Ì15Â"]
[Site "Loo"]
[Date "2017.04.28"]
[Round "9.6"]
[White "Ñêà÷êîâ, Âàëåðèé."]
[Black "Ìóðòàçèí, Ðóñëàí."]
[Result "0-1"]
[WhiteElo "2149"]
[BlackElo "2344"]
[PlyCount "66"]
[EventDate "2017.04.20"]

1. d4 Nf6 2. c4 g6 3. Nf3 Bg7 4. Nc3 O-O 5. g3 d6 6. Bg2 Nc6 7. O-O Bf5 8. d5
Na5 9. Nd4 Bd7 10. b3 c5 11. Nc2 a6 12. Qd3 Rb8 13. Bd2 b5 14. Rae1 Ng4 15. f4
bxc4 16. bxc4 Rb2 17. Bc1 Nxc4 18. Bxb2 Nxb2 19. Qd2 Nc4 20. Qd3 Qa5 21. Ne4
Nce3 22. h3 Nxc2 23. Qxc2 Ne3 24. Qb3 Nxf1 25. Kxf1 Qb5 26. Qc2 Rb8 27. Nd2 Bf5
28. Qd1 h5 29. Kg1 Qb2 30. e4 Bd7 31. Nf3 Qxa2 32. e5 Bf5 33. Nh4 Rb1 0-1

[Event "Ì15Â"]
[Site "Loo"]
[Date "2017.04.28"]
[Round "9.7"]
[White "Ðåìèçîâ, ßðîñëàâ."]
[Black "Øîáîåâ, Äàíäàð."]
[Result "0-1"]
[WhiteElo "2218"]
[BlackElo "2110"]
[PlyCount "85"]
[EventDate "2017.04.20"]

1. e4 e5 2. Nf3 Nc6 3. d4 exd4 4. Nxd4 Nf6 5. Nxc6 bxc6 6. Bd3 d5 7. exd5 cxd5
8. O-O Be7 9. Nc3 O-O 10. Bg5 Be6 11. Re1 c6 12. Qf3 h6 13. Bf4 Re8 14. h3 Nd7
15. Ne2 Qb6 16. Ng3 Nc5 17. Bf5 Bf8 18. Qg4 Bxf5 19. Nxf5 Kh7 20. Be5 Re6 21.
Bd4 Rae8 22. Rxe6 Rxe6 23. Qg3 g6 24. Qa3 gxf5 25. b4 Qa6 26. Qf3 Ne4 27. Qxf5+
Kg8 28. f3 Qc4 29. Rd1 Qe2 30. Rd3 Qe1+ 31. Kh2 Qg3+ 32. Kg1 Ng5 33. Bf2 Qd6
34. h4 Nh7 35. h5 Qe5 36. Qg4+ Qg5 37. Qh3 Bd6 38. f4 Bxf4 39. Bg3 Re3 40. Qc8+
Kg7 41. Bf2 Rxd3 42. cxd3 Qe5 43. Bxa7 0-1

[Event "Ì15Â"]
[Site "Loo"]
[Date "2017.04.28"]
[Round "9.8"]
[White "Äóäèí, Ãëåá."]
[Black "Ìàêàðÿí, Ðóäèê."]
[Result "1/2-1/2"]
[WhiteElo "2031"]
[BlackElo "2207"]
[PlyCount "110"]
[EventDate "2017.04.20"]

1. d4 g6 2. Nf3 Bg7 3. Bf4 Nf6 4. e3 d6 5. Be2 Nh5 6. Bg5 h6 7. Bh4 g5 8. Bg3
O-O 9. Bd3 Nxg3 10. hxg3 Re8 11. Nbd2 c5 12. c3 Nd7 13. Qe2 a6 14. a4 b6 15. e4
Nf8 16. Nf1 Ne6 17. d5 Nc7 18. Ne3 Bd7 19. O-O b5 20. Nf5 c4 21. Bc2 Bxf5 22.
exf5 Rb8 23. Qe4 Bf6 24. Nd4 Qd7 25. Nc6 Rbc8 26. axb5 axb5 27. Nb4 Ra8 28. Qe3
Rxa1 29. Rxa1 Ra8 30. Ra7 Qc8 31. Be4 Kf8 32. Qb6 Rxa7 33. Qxa7 g4 34. Nc6 Bg5
35. Qd4 Bf6 36. Qe3 Bg5 37. Qd4 Kg8 38. f6 e5 39. Qxe5 dxe5 40. Ne7+ Kf8 41.
Nxc8 Bxf6 42. d6 Na6 43. Bc6 b4 44. Bb5 bxc3 45. bxc3 Nc5 46. Bxc4 Ne4 47. Be2
h5 48. c4 Nc5 49. f3 gxf3 50. Bxf3 Ke8 51. Bd5 e4 52. Kf2 Bd4+ 53. Ke2 Be5 54.
g4 Bf4 55. Nb6 Bxd6 {äàëåå çàïèñü íåðàçáîð~~èâà} 1/2-1/2

[Event "Ì15Â"]
[Site "Loo"]
[Date "2017.04.28"]
[Round "9.9"]
[White "Øèäëîâñêèé, Àðòåìèé."]
[Black "Âîëîâè÷, Âàñèëèé."]
[Result "1/2-1/2"]
[WhiteElo "1975"]
[BlackElo "2152"]
[PlyCount "80"]
[EventDate "2017.04.20"]

1. d4 e6 2. c4 f5 3. g3 Nf6 4. Bg2 Be7 5. Nc3 O-O 6. Nf3 Ne4 7. Qc2 d5 8. O-O
Bf6 9. Rd1 c6 10. b3 b6 11. Bb2 Bb7 12. e3 Nd7 13. Ne2 g5 14. Ne5 Qc7 15. f3
Nd6 16. Nxd7 Qxd7 17. c5 Nf7 18. e4 Ba6 19. e5 Bxe2 20. Qxe2 Be7 21. b4 a5 22.
a3 Rfb8 23. Bc3 bxc5 24. dxc5 Qb7 25. f4 Qb5 26. Qxb5 cxb5 27. g4 Nh6 28. gxf5
Nxf5 29. Bh3 Ng7 30. f5 Nxf5 31. Bxf5 exf5 32. Rxd5 axb4 33. Bxb4 Kf7 34. Rad1
Ke6 35. c6 Rd8 36. Rxd8 Bxd8 37. Bd6 Rc8 38. Rc1 Bc7 39. Bxc7 Rxc7 40. Rc5 Rc8
1/2-1/2

[Event "Ì15Â"]
[Site "Loo"]
[Date "2017.04.28"]
[Round "9.10"]
[White "Êîëäàåâ, Äóíãàð."]
[Black "Èñìàãèëîâ, Äàìèð."]
[Result "1/2-1/2"]
[WhiteElo "1988"]
[BlackElo "2039"]
[PlyCount "83"]
[EventDate "2017.04.20"]

1. d4 c5 2. e3 g6 3. b3 Bg7 4. Bb2 Nf6 5. Nf3 d6 6. Nbd2 O-O 7. Be2 Nc6 8. O-O
Qc7 9. c3 Rd8 10. Rc1 e5 11. a3 Qe7 12. b4 cxb4 13. cxb4 e4 14. Ne1 a6 15. Nc4
d5 16. Nb6 Rb8 17. Nc2 h5 18. Nxc8 Rbxc8 19. Na1 a5 20. b5 Nb8 21. Qd2 b6 22.
Nb3 Qd6 23. g3 Nh7 24. Rxc8 Rxc8 25. Rc1 Rxc1+ 26. Qxc1 Qd7 27. Nd2 Ng5 28. h4
Ne6 29. Nb1 Bf8 30. Nc3 Be7 31. f3 f5 32. fxe4 fxe4 33. Nxd5 Qxd5 34. Qc8+ Kf7
35. Bc4 Qd6 36. Bxe6+ Qxe6 37. Qxb8 Qb3 38. Qf4+ Ke8 39. Qb8+ Kf7 40. Qf4+ Ke8
41. Qb8+ Kf7 42. Qf4+ 1/2-1/2

[Event "Ì15Â"]
[Site "Loo"]
[Date "2017.04.28"]
[Round "9.11"]
[White "Àêî÷¸íîê, Äàíèèë."]
[Black "Ãàéäûì, Àðñåíèé."]
[Result "1/2-1/2"]
[WhiteElo "1917"]
[BlackElo "2017"]
[PlyCount "110"]
[EventDate "2017.04.20"]

1. d4 d5 2. c4 c6 3. Nc3 Nf6 4. Nf3 a6 5. e3 Bf5 6. Bd3 Bxd3 7. Qxd3 e6 8. O-O
Bd6 9. e4 dxe4 10. Nxe4 Nxe4 11. Qxe4 Nd7 12. Bg5 Be7 13. Bxe7 Qxe7 14. Rfe1
Nf6 15. Qe5 Rd8 16. Rad1 Qb4 17. d5 Qxc4 18. dxe6 Rxd1 19. exf7+ Kxf7 20. Qe7+
Kg8 21. Rxd1 h6 22. Qxb7 Kh7 23. Re1 Rd8 24. a3 Nd5 25. h3 Rf8 26. Qa7 Qd3 27.
Qc5 Rf6 28. Nd4 Nf4 29. Qc3 Qg6 30. Qg3 Qxg3 31. fxg3 Nd3 32. Re2 c5 33. Ne6 c4
34. Nf4 Nxf4 35. gxf4 Kg6 36. g3 Rc6 37. Kf2 Kf5 38. Re5+ Kf6 39. Re3 Rb6 40.
Re2 Rb3 41. Rc2 c3 42. Rxc3 Rxb2+ 43. Kf3 a5 44. Kg4 Rb5 45. Rc6+ Kf7 46. Ra6
Rc5 47. a4 g6 48. Ra8 Kg7 49. Ra7+ Kf6 50. Ra6+ Kg7 51. Kh4 Rh5+ 52. Kg4 Rc5
53. h4 h5+ 54. Kf3 Rc3+ 55. Kf2 Rc5 1/2-1/2

[Event "Ì15Â"]
[Site "Loo"]
[Date "2017.04.28"]
[Round "9.12"]
[White "Øàéõàëèåâ, Äæîõàð."]
[Black "Âàñèëüåâ, Ãåîðãèé."]
[Result "0-1"]
[WhiteElo "1846"]
[BlackElo "2011"]
[PlyCount "106"]
[EventDate "2017.04.20"]

1. e4 c5 2. Nf3 Nc6 3. d4 cxd4 4. Nxd4 Nf6 5. Nc3 e5 6. Ndb5 d6 7. Bg5 a6 8.
Na3 b5 9. Nd5 Be7 10. Bxf6 Bxf6 11. c3 Ne7 12. Nxf6+ gxf6 13. Nc2 Bb7 14. Bd3
d5 15. Qe2 f5 16. exf5 e4 17. f6 Ng6 18. Qe3 O-O 19. Be2 Qxf6 20. h4 Nf4 21.
O-O-O Rfc8 22. g3 Nxe2+ 23. Qxe2 b4 24. Nxb4 d4 25. Qg4+ Kh8 26. Qg5 Qxg5+ 27.
hxg5 e3 28. Rhe1 exf2 29. Rf1 dxc3 30. Rxf2 cxb2+ 31. Kxb2 Be4 32. Rf4 Bg6 33.
Nd5 Rc2+ 34. Ka3 Rg2 35. g4 Rb8 36. Re1 Rb5 37. Re8+ Kg7 38. Ne3 Rg3 39. Ka4
Rxg5 40. Nf5+ Bxf5 41. gxf5 h5 42. f6+ Kh7 43. Rf8 R3g4 44. Rxg4 hxg4 45. Rxf7+
Kg8 46. Rd7 g3 47. Rd1 g2 48. Rg1 Kf7 49. Kb3 Kxf6 50. Kc3 Kg6 51. Kd3 Kh5 52.
Ke2 Kh4 53. Kf2 Kh3 0-1

[Event "Ì15Â"]
[Site "Loo"]
[Date "2017.04.28"]
[Round "9.13"]
[White "Öóõàåâ, Ìóñà."]
[Black "Êàçüìèí, Ñåìåí."]
[Result "0-1"]
[WhiteElo "1710"]
[BlackElo "2167"]
[PlyCount "88"]
[EventDate "2017.04.20"]

1. e4 e6 2. d4 d5 3. Nc3 Bb4 4. e5 Ne7 5. a3 Bxc3+ 6. bxc3 c5 7. Qg4 Qc7 8.
Qxg7 Rg8 9. Qxh7 cxd4 10. Ne2 Nbc6 11. f4 dxc3 12. Be3 Bd7 13. Nd4 Nxd4 14.
Bxd4 O-O-O 15. Qd3 Nf5 16. Bxa7 d4 17. a4 Bc6 18. Rb1 Qe7 19. Rb6 Bd5 20. Rb5
Bc6 21. Rc5 Rd5 22. Rxd5 Bxd5 23. Bxd4 Nxd4 24. Qxd4 Qa3 25. Kf2 Qb2 26. Qd3
Qb6+ 27. Qe3 Qb2 28. Qd3 Rg4 29. Ke3 Qc1+ 30. Ke2 Rxf4 31. g3 Bc4 32. gxf4
Qxc2+ 33. Ke3 Bxd3 34. Bxd3 Qd2+ 35. Ke4 Qg2+ 36. Kd4 Qxh1 37. Kxc3 Qxh2 38. f5
Qxe5+ 39. Kb3 exf5 40. Kb4 Qd4+ 41. Bc4 f4 42. Kb5 f3 43. Bxf7 Qd7+ 44. Ka5
Qxf7 0-1

[Event "Ì15Â"]
[Site "Loo"]
[Date "2017.04.28"]
[Round "9.14"]
[White "Òðóá÷àíèíîâ, Àðòåì."]
[Black "Ïîñòíèêîâ, Ðîìàí."]
[Result "1-0"]
[WhiteElo "1917"]
[BlackElo "2081"]
[PlyCount "91"]
[EventDate "2017.04.20"]

1. d4 Nf6 2. Nf3 g6 3. c4 Bg7 4. Nc3 O-O 5. e4 d6 6. Be2 e5 7. d5 a5 8. Be3 Ng4
9. Bg5 f6 10. Bh4 g5 11. Bg3 Nh6 12. Nd2 f5 13. f3 Nd7 14. Bf2 Nf6 15. h3 Bd7
16. g4 fxg4 17. hxg4 Nf7 18. c5 Qe7 19. cxd6 Nxd6 20. Bc5 b6 21. Ba3 Qf7 22.
Qc1 h6 23. Bxd6 cxd6 24. Nc4 Qe7 25. Nxb6 Rab8 26. Nc4 a4 27. Qc2 Rfc8 28. b3
Rb4 29. Kf1 Be8 30. Kg2 h5 31. Nxa4 Bxa4 32. Qd2 Rcb8 33. gxh5 Bh6 34. bxa4
Rxa4 35. Qc2 Rab4 36. a3 Rb3 37. Ra2 Qd7 38. Na5 Re3 39. Nc4 Reb3 40. Na5 Re3
41. Qc6 Qe7 42. Nc4 Rbb3 43. Nxe3 Rxe3 44. Qc8+ Kh7 45. Rc2 Qe8 46. Qf5+ 1-0

[Event "Ì15Â"]
[Site "Loo"]
[Date "2017.04.28"]
[Round "9.15"]
[White "Áðåñêàíó, Íèêèòà."]
[Black "Ïåðîâ, Ãåðìàí."]
[Result "0-1"]
[WhiteElo "2044"]
[BlackElo "1944"]
[PlyCount "68"]
[EventDate "2017.04.20"]

1. d4 d5 2. c4 e6 3. Nc3 f5 4. Nf3 Nf6 5. e3 c6 6. Bd3 Bd6 7. Qc2 Ne4 8. O-O
O-O 9. b3 Bd7 10. a4 Bc7 11. Ne5 Be8 12. f3 Nxc3 13. Qxc3 Nd7 14. f4 Bh5 15.
Ba3 Rf6 16. b4 Rh6 17. g3 Nf6 18. b5 Bxe5 19. dxe5 Ne4 20. Bxe4 dxe4 21. Rf2
Qe8 22. Rd2 Bf3 23. Qb4 Qg6 24. Rf1 Rh3 25. Rff2 h5 26. Rg2 Bxg2 27. Kxg2 Qg4
28. Qe7 h4 29. Qg5 hxg3 30. Qxg4 fxg4 31. hxg3 cxb5 32. axb5 Kf7 33. Rd7+ Kg6
34. Rxb7 Rah8 0-1

[Event "Ì15Â"]
[Site "Loo"]
[Date "2017.04.28"]
[Round "9.16"]
[White "Ðîëüãåéçåð, Ãåíðèõ."]
[Black "Ìèðçîÿí, Ëàâðåíòèé."]
[Result "1-0"]
[WhiteElo "1989"]
[BlackElo "1904"]
[PlyCount "77"]
[EventDate "2017.04.20"]

1. e4 e5 2. Nf3 Nc6 3. Bb5 a6 4. Bxc6 dxc6 5. O-O f6 6. d4 Bg4 7. dxe5 Qxd1 8.
Rxd1 fxe5 9. Be3 Bd6 10. Nbd2 Nf6 11. h3 Bh5 12. Bg5 h6 13. Bxf6 gxf6 14. Nc4
Bxf3 15. gxf3 Ke7 16. Ne3 Rad8 17. Nf5+ Ke6 18. Kf1 b6 19. Ke2 Rdg8 20. Rg1 Bf8
21. Rad1 Bd6 22. Rg3 Rxg3 23. fxg3 h5 24. h4 Rg8 25. Kf2 b5 26. Kg2 c5 27. Kh3
c4 28. g4 hxg4+ 29. fxg4 Bc5 30. h5 Rh8 31. Rd5 Bf2 32. Rd2 Bc5 33. Kh4 b4 34.
h6 Bd4 35. b3 c3 36. Rd1 c5 37. Kh5 Kf7 38. Rf1 Ke6 39. Kg6 1-0

[Event "Ì15Â"]
[Site "Loo"]
[Date "2017.04.28"]
[Round "9.17"]
[White "Øóìèëîâ, Äåìüÿí."]
[Black "Êóëàåâ, Ìàêñèì."]
[Result "0-1"]
[WhiteElo "1984"]
[BlackElo "1849"]
[PlyCount "106"]
[EventDate "2017.04.20"]

1. g3 Nf6 2. d4 c5 3. e3 g6 4. Bg2 Bg7 5. Ne2 O-O 6. O-O d6 7. h3 Nc6 8. Nd2
Nd7 9. d5 Na5 10. f4 Rb8 11. a4 a6 12. Qe1 Qc7 13. Ne4 Nc4 14. Ra2 b5 15. b3
Ncb6 16. N4c3 b4 17. a5 bxc3 18. axb6 Rxb6 19. Nxc3 c4 20. bxc4 Qxc4 21. Ra3
Bb7 22. e4 Rc8 23. Rf3 Rb4 24. Kh2 Qc5 25. Bd2 Nb6 26. Nd1 Rb1 27. Qe2 Qxc2 28.
Ne3 Qb2 29. Nd1 Qd4 30. Rfd3 Qc4 31. Ne3 Qb5 32. Qf2 Rb2 33. Nd1 Rb1 34. Bf3
Nc4 35. Nc3 Bxc3 36. Raxc3 Qb2 37. Bg4 Rc5 38. Rb3 Qxb3 39. Rxb3 Rxb3 40. Bc1
Rc3 41. Qe1 Rc2+ 42. Kg1 a5 43. Qd1 Nb2 44. Bxb2 Rxb2 45. h4 Ba6 46. Bf3 a4 47.
Qa1 a3 48. Bd1 Rc3 49. h5 Rxg3+ 50. Kh1 Bd3 51. Bf3 Rxf3 52. hxg6 Rh3+ 53. Kg1
Rg3+ 0-1

[Event "Ì15Â"]
[Site "Loo"]
[Date "2017.04.28"]
[Round "9.18"]
[White "Áåäåíêî, Íèêèòà."]
[Black "×åæèí, Ïàâåë."]
[Result "1/2-1/2"]
[WhiteElo "1966"]
[BlackElo "1688"]
[PlyCount "121"]
[EventDate "2017.04.20"]

1. e4 e5 2. Nf3 Nc6 3. Bb5 Bc5 4. c3 Nf6 5. O-O O-O 6. d4 Bb6 7. Bg5 exd4 8. e5
h6 9. Bxf6 gxf6 10. cxd4 fxe5 11. dxe5 d6 12. Qc1 Nxe5 13. Qxh6 Bf5 14. Nc3 a6
15. Nd5 Nxf3+ 16. gxf3 Bd4 17. Qf4 Bg7 18. Qxf5 axb5 19. Rae1 Re8 20. Rxe8+
Qxe8 21. Nxc7 Qc8 22. Qxc8+ Rxc8 23. Nxb5 Rc2 24. Nxd6 Rxb2 25. Rd1 b5 26. Rd5
b4 27. Ra5 Bd4 28. Ne4 Kg7 29. Kg2 Kg6 30. Rd5 Ba7 31. Rd6+ Kg7 32. Ra6 Bd4 33.
Rd6 Ba7 34. Rd2 Rxd2 35. Nxd2 Kf6 36. Kf1 Ke5 37. Nb3 Kd5 38. h4 Kc4 39. h5 Bb8
40. Ke2 Kc3 41. Nc1 Bf4 42. Nd3 Bh6 43. f4 f5 44. Ke3 Bg7 45. Ne5 Kb2 46. Nc6
Bf8 47. h6 Bxh6 48. Nxb4 Bf8 49. Nc6 Bc5+ 50. Kd3 Kxa2 51. f3 Bd6 52. Ne5 Kb3
53. Kd4 Bb4 54. Ng6 Bc3+ 55. Kd5 Kb4 56. Ke6 Kc5 57. Kxf5 Kd6 58. Ke4 Ke6 59.
f5+ Kf6 60. Nf4 Bb2 61. Nd5+ 1/2-1/2

[Event "Ì15Â"]
[Site "Loo"]
[Date "2017.04.28"]
[Round "9.19"]
[White "Êûòèí, Ìàêàð."]
[Black "Ôîìèí, Ïàâåë."]
[Result "1/2-1/2"]
[WhiteElo "2120"]
[BlackElo "1892"]
[PlyCount "83"]
[EventDate "2017.04.20"]

1. e4 e6 2. d4 d5 3. Nc3 Nf6 4. e5 Nfd7 5. f4 c5 6. Nf3 Nc6 7. Be3 cxd4 8. Nxd4
Qb6 9. Qd2 Qxb2 10. Rb1 Qa3 11. Be2 Bb4 12. Rb3 Qa5 13. O-O Nc5 14. Rxb4 Nxb4
15. Ncb5 Ne4 16. Qe1 a6 17. Nb3 Qd8 18. Qxb4 axb5 19. Bxb5+ Bd7 20. Bd3 Ra4 21.
Qxb7 O-O 22. Nc5 Nxc5 23. Bxc5 Re8 24. a3 Qc8 25. Qxc8 Rxc8 26. Bd6 Ra7 27. Rb1
Bc6 28. Kf2 Rb7 29. Bb4 Ba4 30. Rb2 Rb6 31. Ke3 f5 32. c3 Kf7 33. h3 h5 34. h4
Rcc6 35. Kd4 Rb8 36. g3 g6 37. Rb1 Rb7 38. Rb2 Rb8 39. Rb1 Rb7 40. Rb2 Rb8 41.
Rb1 Rb7 42. Rb2 1/2-1/2

[Event "Ì15Â"]
[Site "Loo"]
[Date "2017.04.28"]
[Round "9.20"]
[White "Âîëêîâ, Àíäðåé."]
[Black "Îñèïîâ, Äàíèèë."]
[Result "1-0"]
[WhiteElo "2005"]
[BlackElo "2091"]
[PlyCount "135"]
[EventDate "2017.04.20"]

1. e4 c5 2. c3 d5 3. exd5 Qxd5 4. d4 Nc6 5. Nf3 Bf5 6. Be2 cxd4 7. cxd4 Bxb1 8.
Rxb1 e6 9. a3 Nf6 10. O-O Bd6 11. Be3 O-O 12. Qa4 Rac8 13. Rbc1 Rfd8 14. Rfd1
h6 15. Bb5 Ng4 16. h3 Nxe3 17. fxe3 Ne7 18. Bd3 Bb8 19. Qb5 Qxb5 20. Bxb5 a6
21. Ba4 Nf5 22. Kf2 Nd6 23. Bb3 Kf8 24. Nd2 Ke7 25. Kf3 b5 26. g4 Nb7 27. Ne4
Ba7 28. Ba2 Nd6 29. Nc5 Bxc5 30. dxc5 Nb7 31. b4 Rd7 32. Rxd7+ Kxd7 33. Bb1 Kc7
34. Rd1 Ra8 35. Be4 Ra7 36. Bxb7 Rxb7 37. Rd6 Ra7 38. Kf4 a5 39. Rb6 axb4 40.
axb4 Ra1 41. Rxb5 Rb1 42. Rb6 Rb3 43. Ke4 Rb1 44. Ke5 Rb2 45. h4 Rb1 46. b5 Rb4
47. g5 Rc4 48. Rc6+ Kd7 49. e4 h5 50. Kf4 f6 51. gxf6 gxf6 52. Ke3 Rc1 53. Kd4
Rc2 54. Rd6+ Ke7 55. Ra6 Rb2 56. Ra7+ Kd8 57. b6 Rb4+ 58. Kd3 Kc8 59. Rh7 e5
60. Rxh5 Rd4+ 61. Ke3 Rc4 62. Rh8+ Kb7 63. Rh7+ Kb8 64. Rc7 Rc3+ 65. Kd2 Rh3
66. c6 Rxh4 67. Rf7 Rh8 68. Rxf6 1-0

[Event "Ì15Â"]
[Site "Loo"]
[Date "2017.04.28"]
[Round "9.21"]
[White "Òåð-Ñààêÿí, Ãðèãîðèé."]
[Black "Ìóòîâèí, Åãîð."]
[Result "0-1"]
[WhiteElo "1851"]
[BlackElo "1915"]
[PlyCount "50"]
[EventDate "2017.04.20"]

1. d4 Nf6 2. c4 e6 3. Nf3 d5 4. g3 Be7 5. Bg2 O-O 6. O-O dxc4 7. Qc2 a6 8. a4
Bd7 9. Qxc4 Bc6 10. Bg5 Nbd7 11. Nc3 Rc8 12. Rfe1 Ne4 13. Bxe7 Qxe7 14. a5 Ndf6
15. Ne5 Bd5 16. Nxd5 exd5 17. Qd3 c5 18. f3 cxd4 19. Qxd4 Nc5 20. Ra3 Ne6 21.
Qe3 Rc2 22. Rb3 Rfc8 23. f4 Qc7 24. Qb6 Qxb6+ 25. Rxb6 Rc1 {
äàëåå çàïèñü íåðàçáîð~~èâà} 0-1

[Event "Ì15Â"]
[Site "Loo"]
[Date "2017.04.28"]
[Round "9.22"]
[White "Êðþêîâ, Àëåêñåé."]
[Black "Æóðàâëåâ, Àëåêñàíäð."]
[Result "1/2-1/2"]
[WhiteElo "1799"]
[BlackElo "1745"]
[PlyCount "132"]
[EventDate "2017.04.20"]

1. Nf3 Nf6 2. d4 c5 3. e3 g6 4. b3 Bg7 5. Bb2 cxd4 6. exd4 O-O 7. Bd3 d6 8. O-O
Nbd7 9. Re1 a6 10. Qe2 Re8 11. c4 b6 12. Nbd2 Bb7 13. Ng5 e5 14. Qf1 h6 15.
Nge4 Nxe4 16. Nxe4 Qc7 17. Ba3 Bf8 18. dxe5 dxe5 19. Bxf8 Rxf8 20. Qe2 f5 21.
Nc3 Rae8 22. Nd5 Qd6 23. Qd2 Kg7 24. Qb4 Qxb4 25. Nxb4 Nc5 26. Bc2 e4 27. Rad1
Rd8 28. Kf1 Kf6 29. Ke2 a5 30. Nd5+ Bxd5 31. cxd5 Ke5 32. f3 Rxd5 33. fxe4 Rxd1
34. Rxd1 Nxe4 35. Bxe4 fxe4 36. Ke3 Rc8 37. Rd7 Rc2 38. Rb7 Rxa2 39. Rxb6 Rxg2
40. Rb5+ Kf6 41. Rxa5 Rxh2 42. Kxe4 Rb2 43. Rb5 h5 44. b4 Rf2 45. Rb8 Kg5 46.
Ke3 Rf7 47. b5 h4 48. b6 h3 49. b7 Rh7 50. Kf2 h2 51. Ra8 Rxb7 52. Kg2 Rb2+ 53.
Kh1 Kh4 54. Rg8 Rb3 55. Kxh2 g5 56. Rh8+ Kg4 57. Rg8 Rb2+ 58. Kg1 Kh4 59. Ra8
g4 60. Ra3 Rb4 61. Kg2 Rb2+ 62. Kg1 Rb5 63. Rc3 Rd5 64. Ra3 Re5 65. Rc3 Kg5 66.
Ra3 Re4 1/2-1/2

[Event "Ì15Â"]
[Site "Loo"]
[Date "2017.04.28"]
[Round "9.23"]
[White "Ñò¸ïî÷êèí, Ô¸äîð."]
[Black "Ùóêèí, Ìàêñèì."]
[Result "1/2-1/2"]
[WhiteElo "1793"]
[BlackElo "1990"]
[PlyCount "80"]
[EventDate "2017.04.20"]

1. e4 c6 2. d4 d5 3. e5 c5 4. c4 Nc6 5. dxc5 e6 6. cxd5 exd5 7. Nc3 Be6 8. Nf3
Bxc5 9. Bb5 Nge7 10. O-O O-O 11. Qc2 Nd4 12. Nxd4 Bxd4 13. Re1 Qc7 14. Bd3 Bxe5
15. Bxh7+ Kh8 16. Bd3 Bxh2+ 17. Kh1 Bf4 18. Qe2 g6 19. g3 Bxc1 20. Raxc1 Qd7
21. Qe5+ Kg8 22. Nb5 Nc6 23. Qf6 Bf5 24. Bxf5 Qxf5 25. Qxf5 gxf5 26. Nd6 Rab8
27. Nxf5 Rfd8 28. Rcd1 Rd7 29. a3 d4 30. Re4 Rbd8 31. Kg2 Rd5 32. g4 Rb5 33.
Rd2 d3 34. f4 Rc5 35. Kf3 Na5 36. Rd4 Rxd4 37. Nxd4 Nc4 38. Rxd3 Nxb2 39. Rb3
Nc4 40. Rxb7 Ra5 1/2-1/2

[Event "Ì15Â"]
[Site "Loo"]
[Date "2017.04.28"]
[Round "9.24"]
[White "Øèðèíêèí, Ïàâåë."]
[Black "Êîðåíü, Âëàäèìèð."]
[Result "1-0"]
[WhiteElo "1751"]
[BlackElo "1947"]
[PlyCount "75"]
[EventDate "2017.04.20"]

1. e4 e5 2. Nf3 Nc6 3. Bc4 Nf6 4. Ng5 d5 5. exd5 Na5 6. d3 h6 7. Nf3 e4 8. Qe2
Nxc4 9. dxc4 Bg4 10. h3 Bh5 11. g4 Bg6 12. Bf4 Bd6 13. Ne5 Bh7 14. c5 Bxe5 15.
Bxe5 Qxd5 16. Bxf6 gxf6 17. Nc3 Qc6 18. O-O-O O-O 19. Qe3 Kg7 20. Rd5 Bg6 21.
Rhd1 Rfe8 22. Qd4 Re6 23. h4 Rae8 24. h5 Bh7 25. g5 hxg5 26. Rxg5+ Kh8 27. Rd5
Re5 28. b4 Bf5 29. b5 Qe6 30. Qe3 Kh7 31. Rxe5 fxe5 32. Nxe4 Kh8 33. Rg1 Bxe4
34. Qg5 Bg6 35. Qh6+ Kg8 36. hxg6 Qf6 37. gxf7+ Kxf7 38. Qh7+ 1-0

[Event "Ì15Â"]
[Site "Loo"]
[Date "2017.04.28"]
[Round "9.25"]
[White "Æàêàìóõîâ, Ýäóàðä."]
[Black "Ãàëèåâ, Èðåê."]
[Result "0-1"]
[WhiteElo "1919"]
[BlackElo "1866"]
[PlyCount "58"]
[EventDate "2017.04.20"]

1. e4 c5 2. Nf3 e6 3. b3 Nc6 4. Bb2 d5 5. exd5 exd5 6. Bb5 Nf6 7. O-O Be7 8. d4
O-O 9. Re1 Bg4 10. Bxc6 bxc6 11. h3 Bh5 12. Ba3 Ne4 13. c3 Re8 14. dxc5 Bxc5
15. Bxc5 Nxc5 16. Rxe8+ Qxe8 17. g4 Bg6 18. Nbd2 Qe7 19. b4 Nd3 20. Ne1 Nf4 21.
Qf3 Qe5 22. Kf1 Re8 23. Rd1 Nxh3 24. Ng2 Qh2 25. Ne3 Bd3+ 26. Ke1 Qg1+ 27. Ndf1
Qxf1+ 28. Kd2 Qxf2+ 29. Qxf2 Nxf2 0-1

[Event "Ì15Â"]
[Site "Loo"]
[Date "2017.04.28"]
[Round "9.26"]
[White "Ëóïïà, Êèðèëë."]
[Black "Ðàäî÷èí, Îëåã."]
[Result "1/2-1/2"]
[WhiteElo "1780"]
[BlackElo "1825"]
[PlyCount "88"]
[EventDate "2017.04.20"]

1. Nf3 d5 2. b3 c5 3. Bb2 e6 4. e3 Nf6 5. Be2 Be7 6. O-O O-O 7. d3 b6 8. Nbd2
Bb7 9. Ne5 Nc6 10. f4 Qc7 11. Ndf3 Rac8 12. Qe1 b5 13. g4 c4 14. g5 Ne8 15. Qg3
Nd6 16. Nh4 g6 17. Ng4 Rfd8 18. Nf6+ Bxf6 19. Bxf6 Rd7 20. Qh3 Ne7 21. Bg4 Nef5
22. Bxf5 exf5 23. Nf3 Ne8 24. Qh6 a6 25. Nd4 Qb6 26. Qh4 Nxf6 27. gxf6 Rd6 28.
Rf3 Rxf6 29. Rh3 h5 30. Qg5 Kh7 31. Kf2 Rg8 32. Rg1 Qd8 33. Rh4 Bc8 34. Qg3
cxd3 35. cxd3 Rd6 36. Qh3 Kh6 37. Rg5 Kg7 38. Rhxh5 Rh8 39. Rxh8 Qxh8 40. Qxh8+
Kxh8 41. Rg1 Kg7 42. Rc1 Bd7 43. Rc5 Kf6 44. h4 Ke7 1/2-1/2

[Event "Ì15Â"]
[Site "Loo"]
[Date "2017.04.28"]
[Round "9.27"]
[White "Áàáóíîâ, Àëåêñàíäð."]
[Black "Ïîëÿíñêèé, Âëàäèñëàâ."]
[Result "0-1"]
[WhiteElo "1865"]
[BlackElo "1891"]
[PlyCount "88"]
[EventDate "2017.04.20"]

1. d4 Nf6 2. c4 e6 3. Nc3 Bb4 4. f3 c5 5. a3 Bxc3+ 6. bxc3 O-O 7. e3 d6 8. Bd3
Nc6 9. Ne2 b6 10. Bd2 Ba6 11. Ng3 Na5 12. Qe2 Qd7 13. a4 Rac8 14. d5 Rfe8 15.
Ne4 Qe7 16. Nxf6+ Qxf6 17. O-O exd5 18. cxd5 Bxd3 19. Qxd3 c4 20. Qc2 a6 21. e4
Nb3 22. Rae1 b5 23. axb5 axb5 24. f4 b4 25. e5 Qd8 26. e6 Nxd2 27. Qxd2 Qb6+
28. Kh1 f6 29. e7 Rc7 30. Qe2 Rcxe7 31. Qxe7 Rxe7 32. Rxe7 bxc3 33. Rfe1 c2 34.
Re8+ Kf7 35. R8e7+ Kg6 36. Rc1 Qd4 37. Ree1 Qd2 38. h3 Kf5 39. g3 Qxd5+ 40. Kg1
Qd2 41. Ra1 d5 42. Kh1 d4 43. Kg1 d3 44. g4+ Kxf4 0-1

[Event "Ì15Â"]
[Site "Loo"]
[Date "2017.04.28"]
[Round "9.28"]
[White "Æàðêîâ, Íèêîëàé."]
[Black "Êàìàåâ, Äæàáðàèë."]
[Result "1-0"]
[WhiteElo "1861"]
[BlackElo "1949"]
[PlyCount "81"]
[EventDate "2017.04.20"]

1. e4 e5 2. Nf3 Nc6 3. d4 exd4 4. Nxd4 Bc5 5. Be3 Qf6 6. c3 Nge7 7. Bc4 Ne5 8.
Be2 O-O 9. O-O d5 10. Nd2 N5c6 11. Nxc6 Qxc6 12. Bxc5 Qxc5 13. Re1 c6 14. Bd3
Be6 15. Nb3 Qb6 16. Qc2 Ng6 17. Nd4 Rae8 18. Re3 dxe4 19. Bxe4 Bd7 20. Rae1 c5
21. Nf3 Bc6 22. Ng5 Bxe4 23. Nxe4 Qc6 24. Qe2 Rd8 25. g3 h6 26. c4 Rd7 27. Nc3
Rfd8 28. Nd5 b5 29. b3 bxc4 30. bxc4 Kh7 31. h4 Nf8 32. Re8 Ng6 33. h5 Nf8 34.
Qf3 Rxe8 35. Rxe8 Rxd5 36. Qe4+ f5 37. cxd5 Qf6 38. Qe7 Qa1+ 39. Kg2 Qxa2 40.
Qxf8 Qxd5+ 41. Kh2 1-0

[Event "Ì15Â"]
[Site "Loo"]
[Date "2017.04.28"]
[Round "9.29"]
[White "Ðîìàäîâ, Äìèòðèé."]
[Black "Ãàâðèëîâ, Âèêòîð."]
[Result "0-1"]
[WhiteElo "1774"]
[BlackElo "1760"]
[PlyCount "62"]
[EventDate "2017.04.20"]

1. e4 e5 2. Nf3 Nc6 3. Bc4 Nf6 4. O-O Nxe4 5. Re1 d5 6. Bb5 Bc5 7. d4 exd4 8.
Nxd4 O-O 9. Bxc6 bxc6 10. Be3 Bd7 11. Nd2 Nxd2 12. Qxd2 Bd6 13. c3 h6 14. Nb3
Qh4 15. h3 Rfe8 16. Nc5 Bf5 17. a4 a5 18. Bd4 Bf4 19. Be3 Bd6 20. Bd4 Bf4 21.
Be3 Bxe3 22. Rxe3 Qc4 23. Rae1 Reb8 24. Qd4 Qxd4 25. cxd4 Rxb2 26. Re8+ Rxe8
27. Rxe8+ Kh7 28. Ra8 Rb4 29. Rxa5 Rxd4 30. Nb3 Rb4 31. Nd2 Bc2 0-1

[Event "Ì17Ï"]
[Site "Loo"]
[Date "2017.04.28"]
[Round "9.1"]
[White "Íîâèêîâ, Ñåðãåé."]
[Black "Ìèøèí, Âÿ÷åñëàâ."]
[Result "1/2-1/2"]
[WhiteElo "2036"]
[BlackElo "2092"]
[PlyCount "85"]
[EventDate "2017.04.20"]

1. d4 Nf6 2. c4 g6 3. Nc3 d5 4. Nf3 Bg7 5. Qb3 dxc4 6. Qxc4 O-O 7. e4 Nc6 8.
Be2 e5 9. d5 Nd4 10. O-O c6 11. Rd1 cxd5 12. exd5 Nxd5 13. Nxd4 Nxc3 14. bxc3
exd4 15. cxd4 Be6 16. d5 Rc8 17. Qb3 Bf5 18. Ba3 Bxa1 19. Rxa1 Qf6 20. Bb2 Qg5
21. Qb4 Rc2 22. Qd4 Rxb2 23. Qxb2 Be4 24. Bf1 Qxd5 25. Rc1 a6 26. Qf6 Qe6 27.
Qxe6 fxe6 28. Bc4 Kf7 29. f3 Bc6 30. Bxa6 Kf6 31. Bc4 Rd8 32. Rc2 Rd7 33. Kf2
h5 34. Ke3 g5 35. Bd3 Bd5 36. Be4 Ke5 37. g3 Bxe4 38. fxe4 Rd1 39. Rc5+ Kf6 40.
h4 gxh4 41. gxh4 Re1+ 42. Kf2 Rxe4 43. Rxh5 1/2-1/2